| 000 | 00338nam a2200121Ia 4500 | ||
|---|---|---|---|
| 008 | 220217s9999||||xx |||||||||||||| ||und|| | ||
| 082 | _a005.13 ZED | ||
| 100 |
_aZedin, H Cau, A _92812 |
||
| 245 | 0 | _aObject orianted technology and computing systems re engineer | |
| 260 | _ahorwood | ||
| 300 | _b595 | ||
| 650 | _aPROGRAMMING LANGUAGE | ||
| 999 |
_c170052 _d170052 |
||